000 00606nam a22002057a 4500
005 20260529113454.0
010 _aENG-148632
020 _a9789354423178
_c740.00
035 _aEN-132164
037 _bDBAD
082 _aS
_21
100 _aGharai, Anil
_989228
245 _aThe Almond Flowers and Other Stories/
_cAnil Gharai [and] Edited by Indranil Acharya
250 _a1
260 _aTelangana
_bOrient BlackSwan
_c2022
270 _a3-6-752 Himanyanagar Hyderabad
_bTelangana
_e500029
300 _a195p.
_c21cm(pb)
700 _aIndranil Acharya
_eEditor
_989229
942 _2ddc
_cEN
_hS
_mGHA
999 _c216392
_d216392